[Event "BL 0708 OSC Baden Baden - SC Kreuzberg"]
[Site "?"]
[Date "2007.10.21"]
[Round "2.3"]
[White "Kalinitschew, Sergey"]
[Black "Naiditsch, Arkadij"]
[Result "0-1"]
[WhiteElo "2476"]
[BlackElo "2652"]
[PlyCount "70"]
[EventDate "2007.??.??"]

1. Nf3 Nf6 2. c4 e6 3. Nc3 Bb4 4. Qc2 c5 5. a3 Ba5 6. e3 O-O 7. Be2 Nc6 8. O-O
a6 9. d4 d6 10. Rd1 Qe7 11. Bd2 Bc7 12. Rab1 Bd7 13. b4 cxb4 14. axb4 Rfc8 15.
e4 h6 16. c5 e5 17. dxe5 Nxe5 18. Nd5 Nxd5 19. exd5 Bb5 20. Be3 Bxe2 21. Qxe2
Ng4 22. Rb3 a5 23. cxd6 Bxd6 24. bxa5 Rxa5 25. Qb2 Qe4 26. Rbd3 Rca8 27. Qd4
Qg6 28. h3 Ra4 29. hxg4 Rxd4 30. Rxd4 Ra2 31. Nh4 Qc2 32. Nf3 Be5 33. R4d2 Qb3
34. g3 Rxd2 35. Rxd2 Bc3 0-1

[Event "BL 0708 OSC Baden Baden - SC Kreuzberg"]
[Site "?"]
[Date "2007.10.21"]
[Round "2.4"]
[White "Nielsen, Peter-Heine"]
[Black "Volke, Karsten"]
[Result "1-0"]
[WhiteElo "2637"]
[BlackElo "2472"]
[PlyCount "131"]
[EventDate "2007.??.??"]

1. d4 Nf6 2. c4 e6 3. g3 d5 4. Nf3 Bb4+ 5. Bd2 Be7 6. Bg2 O-O 7. O-O c6 8. Bf4
b6 9. Nc3 Ba6 10. cxd5 cxd5 11. Rc1 Nc6 12. Nxd5 Qxd5 13. Ne5 Nxd4 14. Bxd5
Nxe2+ 15. Qxe2 Bxe2 16. Bxa8 Rxa8 17. Rfe1 Bb5 18. Rc2 Nd5 19. Rec1 Bc5 20. Bd2
f6 21. Nc4 Rd8 22. Be1 Kf7 23. a3 Rd7 24. Rd2 Rc7 25. b3 Ke7 26. Rdc2 Rd7 27.
a4 Ba6 28. Na5 Bd3 29. Rd2 Nb4 30. Rdd1 Be4 31. Rxd7+ Kxd7 32. Bxb4 Bxb4 33.
Rc4 Bxa5 34. Rxe4 Bc3 35. Rc4 Be5 36. b4 a6 37. b5 axb5 38. axb5 f5 39. Kf1 Bd6
40. Ke2 Bc5 41. Ra4 Ke7 42. Ra7+ Kf6 43. Rc7 Bd4 44. Rc4 Ke5 45. h3 Kd5 46. Rc8
Ke5 47. Rd8 Bc5 48. Rd7 Kf6 49. Rc7 Bd4 50. Rc2 Ke5 51. Kd3 Bc5 52. Ra2 Kf6 53.
f3 h5 54. Ra7 Bf2 55. Rb7 Bg1 56. Rb8 Bc5 57. Rc8 Bf2 58. Ke2 Bd4 59. Rf8+ Ke7
60. Rh8 g6 61. Rc8 Kf6 62. Rc4 Bg1 63. h4 Kf7 64. g4 hxg4 65. fxg4 fxg4 66.
Rf4+ 1-0

[Event "BL 0708 OSC Baden Baden - SC Kreuzberg"]
[Site "?"]
[Date "2007.10.21"]
[Round "2.5"]
[White "Paehtz, Elisabeth"]
[Black "Dautov, Rustem"]
[Result "1/2-1/2"]
[WhiteElo "2457"]
[BlackElo "2590"]
[PlyCount "92"]
[EventDate "2007.??.??"]

1. e4 c6 2. c4 d5 3. exd5 cxd5 4. cxd5 Nf6 5. Qa4+ Nbd7 6. Nc3 g6 7. Nf3 Bg7 8.
Bc4 a6 9. d3 Rb8 10. Bb3 b5 11. Qf4 Bb7 12. O-O Nc5 13. d6 Qxd6 14. Qxd6 exd6
15. Re1+ Kd7 16. Bxf7 Rhf8 17. d4 Rxf7 18. dxc5 Bxf3 19. gxf3 dxc5 20. Bf4 Re8
21. Rad1+ Kc8 22. Be3 Bf8 23. b3 Kb7 24. a4 b4 25. Nb1 Rd7 26. Rxd7+ Nxd7 27.
Nd2 Kc6 28. Rc1 Re5 29. Rc4 Rd5 30. Rh4 h5 31. Kf1 Bg7 32. Ke2 Bc3 33. Nc4 Ne5
34. h3 Nxc4 35. Rxc4 Kd6 36. Bf4+ Ke6 37. Be3 Kd6 38. Bf4+ Kc6 39. Re4 Kd7 40.
Rc4 Bf6 41. Be3 Kd6 42. Bf4+ Kc6 43. Re4 Kd7 44. Be3 Bg5 45. Rc4 Kd6 46. Re4
Kd7 1/2-1/2

[Event "BL 0708 OSC Baden Baden - SC Kreuzberg"]
[Site "?"]
[Date "2007.10.21"]
[Round "2.6"]
[White "Schlosser, Philipp"]
[Black "Loeffler, Stefan"]
[Result "1/2-1/2"]
[WhiteElo "2562"]
[BlackElo "2419"]
[PlyCount "92"]
[EventDate "2007.??.??"]

1. c4 e5 2. g3 f5 3. Bg2 Nf6 4. d4 Bb4+ 5. Bd2 Bxd2+ 6. Qxd2 d6 7. Nc3 c6 8.
Nh3 h6 9. c5 Ne4 10. Nxe4 fxe4 11. cxd6 Qxd6 12. dxe5 Qxe5 13. O-O O-O 14. f4
e3 15. Qd3 Qh5 16. f5 Bxf5 17. Qxe3 Nd7 18. Qb3+ Kh8 19. Nf4 Qe8 20. Qxb7 Qe3+
21. Kh1 Ne5 22. Qb3 Ng4 23. Bxc6 Rab8 24. Qxe3 Nxe3 25. Rf3 Nc2 26. Raf1 Rfc8
27. Bd5 Rxb2 28. Ne6 g6 29. e4 Bh3 30. Rc1 Bg2+ 31. Kxg2 Nb4+ 32. Kh3 Rxc1 33.
Rf8+ Kh7 34. Rf7+ Kh8 35. Nf4 Nxd5 36. Nxd5 Kg8 37. Rd7 Rcc2 38. Nf6+ Kf8 39.
a4 Rxh2+ 40. Kg4 Rhf2 41. e5 Rb4+ 42. Kh3 h5 43. a5 h4 44. Nh7+ Kg8 45. Nf6+
Kf8 46. Nh7+ Kg8 1/2-1/2

[Event "BL 0708 OSC Baden Baden - SC Kreuzberg"]
[Site "?"]
[Date "2007.10.21"]
[Round "2.7"]
[White "Richter, Michael"]
[Black "Doettling, Fabian"]
[Result "1/2-1/2"]
[WhiteElo "2399"]
[BlackElo "2537"]
[PlyCount "82"]
[EventDate "2007.??.??"]

1. d4 d5 2. Nf3 Nf6 3. e3 c5 4. c3 cxd4 5. exd4 Nc6 6. Bf4 Bf5 7. Nbd2 e6 8.
Qb3 Qc8 9. Nh4 Be4 10. f3 Bg6 11. Be2 Be7 12. O-O O-O 13. Nxg6 hxg6 14. Be3 e5
15. dxe5 Nxe5 16. Kh1 Bc5 17. Bg5 Bb6 18. Bxf6 gxf6 19. f4 Nc6 20. f5 g5 21.
Rad1 Rd8 22. Nf3 Qd7 23. Bb5 Qd6 24. c4 d4 25. Nd2 Re8 26. Qf3 Re3 27. Qd5 Qxd5
28. cxd5 Ne5 29. Nc4 Nxc4 30. Bxc4 Rd8 31. g3 Kf8 32. Kg2 Ke7 33. Rf3 Kd6 34.
Rxe3 dxe3 35. Kf3 Ke5 36. d6 Rxd6 37. Rxd6 Kxd6 38. Bxf7 g4+ 39. Ke2 Ke5 40.
Be6 Bd4 41. b3 Ke4 1/2-1/2

[Event "BL 0708 SG Turm Trier - SK Zehlendorf"]
[Site "?"]
[Date "2007.10.21"]
[Round "2.1"]
[White "Maksimenko, Andrei"]
[Black "Kotronias, Vasilios"]
[Result "1/2-1/2"]
[WhiteElo "2505"]
[BlackElo "2602"]
[PlyCount "39"]
[EventDate "2007.??.??"]

1. e4 c5 2. c3 Nf6 3. e5 Nd5 4. d4 cxd4 5. Nf3 Nc6 6. cxd4 d6 7. Bc4 Nb6 8. Bb5
dxe5 9. Nxe5 Bd7 10. Nxd7 Qxd7 11. Nc3 e6 12. O-O Be7 13. Qg4 O-O 14. Bxc6 bxc6
15. Bh6 Bf6 16. Rfd1 Kh8 17. Ne4 Qd8 18. Bg5 Bxg5 19. Nxg5 h6 20. Nf3 1/2-1/2

[Event "BL 0708 SG Turm Trier - SK Zehlendorf"]
[Site "?"]
[Date "2007.10.21"]
[Round "2.3"]
[White "Savchenko, Boris"]
[Black "Flumbort, Andras"]
[Result "1-0"]
[WhiteElo "2577"]
[BlackElo "2509"]
[PlyCount "125"]
[EventDate "2007.??.??"]

1. Nf3 c5 2. c4 Nc6 3. b3 e5 4. Bb2 d6 5. e3 Nf6 6. Be2 e4 7. Ng1 Be7 8. Nc3
O-O 9. d3 Qa5 10. Qd2 exd3 11. Bxd3 Be6 12. Nge2 Ne5 13. Nf4 Nxd3+ 14. Qxd3 Bd7
15. O-O Bc6 16. Rfd1 Rfe8 17. Ncd5 Bxd5 18. Nxd5 Nxd5 19. Qxd5 b5 20. cxb5 Qxb5
21. Rd3 Rab8 22. Bc3 Qb7 23. Qh5 Bf8 24. Rad1 Re6 25. Qe2 Qb5 26. h4 Rbe8 27.
Qg4 Rg6 28. Qf3 Rge6 29. Qg4 Qc6 30. Rd5 h6 31. h5 a6 32. Qe2 Qb5 33. Qc2 Qc6
34. Bb2 Be7 35. e4 Bf8 36. f3 Qb5 37. Qc3 Re5 38. Kf2 Qb6 39. Bc1 Rxd5 40. Rxd5
a5 41. Qc4 Ra8 42. a4 Rb8 43. Rd3 Be7 44. Bf4 Qa7 45. Bd2 Qb6 46. Qd5 Rc8 47.
Kg3 Qa6 48. Qc4 Qb6 49. Bf4 Qc6 50. Rd5 Qc7 51. Kf2 Bf8 52. Ke2 Qd8 53. Bd2 Rb8
54. g3 Qf6 55. Bc3 Qe6 56. g4 Qe7 57. Rd3 Qe6 58. Qxe6 fxe6 59. Bxa5 d5 60. Bd2
d4 61. e5 Kf7 62. f4 Ke8 63. Kf3 1-0

[Event "BL 0708 SG Turm Trier - SK Zehlendorf"]
[Site "?"]
[Date "2007.10.21"]
[Round "2.4"]
[White "Jaracz, Pawel"]
[Black "Berczes, David"]
[Result "1-0"]
[WhiteElo "2495"]
[BlackElo "2450"]
[PlyCount "85"]
[EventDate "2007.??.??"]

1. d4 Nf6 2. c4 e6 3. Nf3 Bb4+ 4. Bd2 Qe7 5. g3 Nc6 6. Nc3 Bxc3 7. Bxc3 Ne4 8.
Rc1 O-O 9. Bg2 a5 10. O-O Nxc3 11. Rxc3 d6 12. d5 Nb4 13. a3 Na6 14. dxe6 fxe6
15. Nd4 c6 16. b3 e5 17. Nc2 Be6 18. b4 axb4 19. axb4 Nc7 20. Ne3 Rad8 21. Rd3
Kh8 22. Qa1 Bg8 23. Qa7 e4 24. Rd4 d5 25. Qxb7 Rb8 26. Qxc6 Rxb4 27. Bh3 Rf6
28. Qd7 Qc5 29. Rfd1 Rf7 30. Qc8 Rf8 31. Qd7 Nb5 32. Rxd5 Bxd5 33. Rxd5 Rb1+
34. Kg2 Qb4 35. Nf5 Qc3 36. Rxb5 Re1 37. Qe7 Rg8 38. Nd6 Qf3+ 39. exf3 exf3+
40. Kxf3 Rxe7 41. Rf5 g6 42. Rf7 Re5 43. Ne4 1-0

[Event "BL 0708 SG Turm Trier - SK Zehlendorf"]
[Site "?"]
[Date "2007.10.21"]
[Round "2.5"]
[White "Prohaszka, Peter"]
[Black "Gonda, Laszlo"]
[Result "1/2-1/2"]
[WhiteElo "2486"]
[BlackElo "2485"]
[PlyCount "56"]
[EventDate "2007.??.??"]

1. d4 d5 2. c4 c6 3. cxd5 cxd5 4. Nf3 Nf6 5. Bf4 Nc6 6. Nc3 Ne4 7. e3 Nxc3 8.
bxc3 g6 9. Ne5 Bg7 10. Bb5 Bxe5 11. Bxe5 f6 12. Bg3 O-O 13. h4 Bf5 14. h5 Na5
15. hxg6 hxg6 16. Bf4 Qc8 17. Rc1 Qe6 18. Be2 g5 19. Bc7 b6 20. g4 Bg6 21. Bd3
Bxd3 22. Qxd3 Qe4 23. Qxe4 dxe4 24. Ke2 Nc4 25. f3 exf3+ 26. Kd3 b5 27. Rb1 a6
28. a4 Rfc8 1/2-1/2

[Event "BL 0708 SG Turm Trier - SK Zehlendorf"]
[Site "?"]
[Date "2007.10.21"]
[Round "2.6"]
[White "Galyas, Miklos"]
[Black "Meister, Jakov"]
[Result "1/2-1/2"]
[WhiteElo "2486"]
[BlackElo "2481"]
[PlyCount "148"]
[EventDate "2007.??.??"]

1. d4 d5 2. c4 e6 3. Nc3 Nf6 4. cxd5 exd5 5. Bg5 Be7 6. e3 O-O 7. Bd3 Re8 8.
Nf3 Nbd7 9. Qc2 c6 10. h3 Nf8 11. Bf4 Bd6 12. Bxd6 Qxd6 13. O-O-O b5 14. Kb1 a5
15. Rc1 Bb7 16. g4 a4 17. g5 N6d7 18. h4 Nb6 19. h5 b4 20. Ne2 Nc4 21. g6 hxg6
22. hxg6 Nxg6 23. Rcg1 b3 24. Qc3 Bc8 25. a3 Qf6 26. Rg3 Bf5 27. Ka1 Bxd3 28.
Qxd3 Nd6 29. Ng5 Ne4 30. Nxe4 Rxe4 31. Rg2 Rh4 32. Rhg1 Rh7 33. Nc3 Ne7 34. Qe2
Nf5 35. Qf3 Qe6 36. Rg5 Nd6 37. Qg3 Qf6 38. Rg4 g6 39. Qe5 Qxe5 40. dxe5 Nc4
41. e6 Rh6 42. Ne2 fxe6 43. Nd4 Rf8 44. R4g2 Kf7 45. Nxc6 Rc8 46. Nd4 Nd2 47.
Nb5 Kf6 48. Rd1 Ne4 49. f3 Rc5 50. Nd4 Nd6 51. Rg4 Rc4 52. Kb1 Nf5 53. Nxf5
gxf5 54. Rxc4 dxc4 55. Rc1 Rh3 56. Rxc4 Rxf3 57. Kc1 Rxe3 58. Rxa4 e5 59. Kd2
f4 60. Ra8 e4 61. a4 Rd3+ 62. Ke1 Kf5 63. a5 Kg4 64. a6 Kf3 65. Rb8 Rd7 66. Rb7
Rd6 67. a7 Ra6 68. Rxb3+ Kg2 69. Ra3 f3 70. Rxa6 f2+ 71. Kd2 f1=Q 72. a8=Q Qd3+
73. Kc1 Qf1+ 74. Kc2 Qd3+ 1/2-1/2

[Event "BL 0708 SG Turm Trier - SK Zehlendorf"]
[Site "?"]
[Date "2007.10.21"]
[Round "2.7"]
[White "Berger, Steve"]
[Black "Seger, Ruediger"]
[Result "1/2-1/2"]
[WhiteElo "2399"]
[BlackElo "2401"]
[PlyCount "79"]
[EventDate "2007.??.??"]

1. e4 c6 2. d4 d5 3. Nc3 dxe4 4. Nxe4 Bf5 5. Ng3 Bg6 6. h4 h6 7. Nf3 Nd7 8. h5
Bh7 9. Bd3 Bxd3 10. Qxd3 Ngf6 11. Bf4 Qa5+ 12. Bd2 Qc7 13. O-O-O e6 14. Ne4
O-O-O 15. g3 Nxe4 16. Qxe4 Bd6 17. c4 c5 18. d5 Nf6 19. Qc2 exd5 20. cxd5 Rhe8
21. Bc3 Qd7 22. Rh4 Re7 23. Bxf6 gxf6 24. Qa4 Qxa4 25. Rxa4 Re2 26. Rd2 Rxd2
27. Nxd2 Be5 28. Rxa7 Kb8 29. Ra3 Rxd5 30. Nc4 Bd4 31. Ra8+ Kc7 32. Rf8 Rxh5
33. Rxf7+ Kc6 34. Ne3 Rh1+ 35. Kc2 Rh2 36. Nd1 Kd5 37. Rd7+ Kc6 38. Rf7 Kd5 39.
Rd7+ Kc6 40. Rf7 1/2-1/2

[Event "BL 0708 Bindl-Aktionär - SC Remagen"]
[Site "?"]
[Date "2007.10.21"]
[Round "2.1"]
[White "Ivanchuk, Vassily"]
[Black "Navara, David"]
[Result "1/2-1/2"]
[WhiteElo "2762"]
[BlackElo "2656"]
[PlyCount "88"]
[EventDate "2007.??.??"]

1. e4 e5 2. Nf3 Nc6 3. Bb5 a6 4. Ba4 Nf6 5. O-O Be7 6. Re1 b5 7. Bb3 O-O 8. h3
Bb7 9. d3 d6 10. a3 Qd7 11. Nc3 Rfe8 12. Ba2 Nd8 13. Bg5 Ne6 14. Bh4 c5 15.
Bxf6 Bxf6 16. Bd5 Bd8 17. Bxb7 Qxb7 18. Nd5 Nc7 19. Nxc7 Bxc7 20. Nd2 Ba5 21.
Re3 Bxd2 22. Qxd2 f6 23. Qe2 a5 24. c3 b4 25. axb4 axb4 26. Rxa8 Rxa8 27. d4
bxc3 28. bxc3 cxd4 29. cxd4 exd4 30. Qc4+ d5 31. Qxd4 dxe4 32. Rxe4 Qc6 33. Qe3
Rc8 34. Kh2 h6 35. Re7 Qd6+ 36. g3 Qc5 37. Re8+ Kf7 38. Qe6+ Kg6 39. Qg4+ Kh7
40. Re2 Re8 41. Rd2 Rd8 42. Ra2 Rd4 43. Qf3 Qd5 44. Qxd5 Rxd5 1/2-1/2

[Event "BL 0708 Bindl-Aktionär - SC Remagen"]
[Site "?"]
[Date "2007.10.21"]
[Round "2.4"]
[White "Bindrich, Falko"]
[Black "Degraeve, Jean-Marc"]
[Result "1/2-1/2"]
[WhiteElo "2504"]
[BlackElo "2520"]
[PlyCount "73"]
[EventDate "2007.??.??"]

1. e4 e5 2. Nf3 d6 3. d4 exd4 4. Nxd4 Nf6 5. Nc3 Be7 6. Bf4 O-O 7. Qd2 a6 8.
O-O-O b5 9. Nd5 Nxd5 10. exd5 Re8 11. h4 Bf6 12. h5 Bb7 13. Nf5 Nd7 14. Rh3 Nc5
15. Bd3 Bc8 16. Rg3 Bxf5 17. Bxf5 Ne4 18. Bxe4 Rxe4 19. Re1 Bxb2+ 20. Kb1 Rxe1+
21. Qxe1 Bf6 22. h6 g6 23. Re3 Kf8 24. g4 Qd7 25. g5 Bh8 26. Re4 Re8 27. f3
Rxe4 28. fxe4 Qg4 29. Bd2 Qf3 30. Qg1 Qxe4 31. Qa7 Qxd5 32. Qb8+ Ke7 33. Qxc7+
Ke6 34. Qc8+ Ke7 35. Qc7+ Ke6 36. Qc8+ Ke7 37. Qc7+ 1/2-1/2

[Event "BL 0708 Bindl-Aktionär - SC Remagen"]
[Site "?"]
[Date "2007.10.21"]
[Round "2.5"]
[White "Popovic, Petar"]
[Black "Prusikin, Michael"]
[Result "1-0"]
[WhiteElo "2474"]
[BlackElo "2569"]
[PlyCount "153"]
[EventDate "2007.??.??"]

1. e4 e6 2. d4 d5 3. Nd2 c5 4. Ngf3 cxd4 5. exd5 Qxd5 6. Bc4 Qd6 7. O-O Nf6 8.
Nb3 Nc6 9. Nbxd4 Nxd4 10. Nxd4 a6 11. Bd3 Bd7 12. Nf3 Qc7 13. Qe2 Bd6 14. Re1
Nd5 15. a3 Bc6 16. Ne5 Bxe5 17. Qxe5 Qxe5 18. Rxe5 O-O-O 19. Bd2 Bb5 20. Bxb5
axb5 21. a4 bxa4 22. Rxa4 Nc7 23. Re2 Rd6 24. g3 f6 25. Rc4 Rhd8 26. Bb4 Rd5
27. Rxe6 Rd4 28. Re4 Rxc4 29. Rxc4 Rd1+ 30. Kg2 Kd7 31. Bc5 Ne6 32. Be3 Rb1 33.
Rb4 Kc7 34. h4 g6 35. Kf3 f5 36. Rc4+ Kd7 37. Rb4 Kc7 38. Rb3 Rd1 39. Rc3+ Kd6
40. Ke2 Rb1 41. Rb3 Kc7 42. Rb4 Kc8 43. Kd2 Nc7 44. c4 Ne6 45. Kc3 f4 46. gxf4
Rh1 47. Rb6 Nf8 48. Rf6 Nd7 49. Rf7 Rxh4 50. b4 b6 51. Kd4 Rh5 52. b5 Nc5 53.
Rf6 Kb7 54. Rf7+ Kc8 55. Kc3 Nd7 56. Kd3 Kd8 57. Rg7 Kc8 58. Bd4 Rh4 59. Ke4
Rh1 60. Kd5 Rd1 61. Kc6 Nb8+ 62. Kd5 Nd7 63. Ke4 Rh1 64. Be5 Rd1 65. Rxh7 Nc5+
66. Kf3 Rc1 67. Rc7+ Kd8 68. Rc6 Nd7 69. Bd4 Ke7 70. Bxb6 g5 71. Be3 Rc3 72. b6
gxf4 73. Kxf4 Rb3 74. c5 Rb1 75. Kf5 Rh1 76. Bg5+ Kf7 77. Rc7 1-0

[Event "BL 0708 Bindl-Aktionär - SC Remagen"]
[Site "?"]
[Date "2007.10.21"]
[Round "2.7"]
[White "Swinkels, Robin"]
[Black "Bunzmann, Dimitri"]
[Result "1/2-1/2"]
[WhiteElo "2440"]
[BlackElo "2529"]
[PlyCount "70"]
[EventDate "2007.??.??"]

1. e4 e6 2. d4 d5 3. Nc3 Bb4 4. e5 c5 5. Bd2 Ne7 6. a3 Bxc3 7. Bxc3 Nbc6 8. Nf3
cxd4 9. Nxd4 O-O 10. f4 Nxd4 11. Qxd4 Nf5 12. Qf2 d4 13. O-O-O Qd5 14. b3 Rd8
15. Bc4 Qc5 16. g4 b5 17. gxf5 bxc4 18. Rxd4 Rxd4 19. Qxd4 Qxd4 {(=)} 20. Bxd4
cxb3 21. cxb3 exf5 22. Kb2 Be6 23. Rc1 Rb8 24. b4 a5 25. Bc5 axb4 26. axb4 h6
27. h4 Kh7 28. Bd6 Rb6 29. Kc3 Rc6+ 30. Bc5 Rc8 31. Ra1 Kg6 32. Kd4 Rd8+ 33.
Bd6 Rc8 34. Bc5 Rd8+ 35. Bd6 Rc8 1/2-1/2

[Event "BL 0708 Bindl-Aktionär - SC Remagen"]
[Site "?"]
[Date "2007.10.21"]
[Round "2.8"]
[White "Schneider, Ilja"]
[Black "Schulz, Klaus-Juergen"]
[Result "1-0"]
[WhiteElo "2435"]
[BlackElo "2401"]
[PlyCount "105"]
[EventDate "2007.??.??"]

1. e4 e5 2. Nf3 Nc6 3. Nc3 Nf6 4. d4 exd4 5. Nxd4 Bb4 6. Nxc6 bxc6 7. Bd3 d5 8.
exd5 cxd5 9. O-O O-O 10. Bg5 c6 11. Qf3 Bd6 12. Rfe1 Rb8 13. Na4 Be6 14. b3 h6
15. Bf4 c5 16. h3 Rb4 17. Bxd6 Qxd6 18. c3 Rf4 19. Qe3 d4 20. Qe5 Qxe5 21. Rxe5
Nd7 22. Re4 Rxe4 23. Bxe4 dxc3 24. Nxc3 Nf6 25. Bf3 Rb8 26. Be2 Nd5 27. Nxd5
Bxd5 28. Rc1 Rc8 29. Bc4 Bxc4 30. Rxc4 a5 31. Ra4 Ra8 32. Kf1 Kf8 33. Re4 Rb8
34. Ke2 f6 35. Kd3 Rd8+ 36. Kc3 Rd1 37. Re2 Rc1+ 38. Kb2 Rg1 39. f3 Kf7 40. Ka3
Rc1 41. Ka4 c4 42. bxc4 Rxc4+ 43. Kxa5 Rc1 44. a4 Rb1 45. Ka6 f5 46. a5 g5 47.
Re5 f4 48. Rb5 Rg1 49. Kb7 Rxg2 50. a6 Ra2 51. a7 Kg6 52. a8=Q Kh5 53. Rb6 1-0

[Event "BL 0708 Erfurter SK - Godesberger SK"]
[Site "?"]
[Date "2007.10.21"]
[Round "2.1"]
[White "Kasimdzhanov, Rustam"]
[Black "Kraemer, Martin"]
[Result "1-0"]
[WhiteElo "2683"]
[BlackElo "2437"]
[PlyCount "129"]
[EventDate "2007.??.??"]

1. d4 Nf6 2. c4 e6 3. Nf3 b6 4. g3 Ba6 5. b3 Bb4+ 6. Bd2 Be7 7. Nc3 O-O 8. Rc1
d5 9. cxd5 exd5 10. Bg2 Re8 11. O-O c5 12. Bg5 Nbd7 13. Ne5 Nxe5 14. dxe5 Ne4
15. Bxe7 Qxe7 16. Nxe4 dxe4 17. Bxe4 Rad8 18. Qc2 Qxe5 19. Bxh7+ Kh8 20. Bd3
Bxd3 21. exd3 Qe2 22. Rfd1 Rd4 23. Rd2 Qe6 24. Qd1 Qf5 25. Rc4 Red8 26. Rxd4
Rxd4 27. Kg2 g6 28. Qf3 Qd7 29. h4 Kg7 30. Rd1 Qd6 31. Kf1 Rd5 32. Qe2 Rd4 33.
Ke1 Rd5 34. Qb2+ Kg8 35. Qc3 Rd4 36. Kf1 Qd5 37. Re1 Qh1+ 38. Ke2 Qg2 39. Qd2
Qd5 40. Qe3 a5 41. Rc1 a4 42. Rc4 axb3 43. axb3 b5 44. Rxd4 cxd4 45. Qe8+ Kg7
46. b4 Qa2+ 47. Kf3 Qd5+ 48. Qe4 Qd6 49. g4 Qxb4 50. Qe5+ Kf8 51. h5 gxh5 52.
gxh5 Qb1 53. Ke4 b4 54. Qd6+ Ke8 55. h6 b3 56. Qe5+ Kd7 57. Qxd4+ Kc6 58. Qc3+
Kb6 59. Kd4 Qc2 60. Kc4 Qxf2 61. h7 b2 62. Qb3+ Kc6 63. Qb5+ Kd6 64. h8=Q Qc2+
65. Kd4 1-0

[Event "BL 0708 Erfurter SK - Godesberger SK"]
[Site "?"]
[Date "2007.10.21"]
[Round "2.3"]
[White "Sprenger, Jan-Michael"]
[Black "Haba, Petr"]
[Result "0-1"]
[WhiteElo "2535"]
[BlackElo "2526"]
[PlyCount "136"]
[EventDate "2007.??.??"]

1. c4 e6 2. Nf3 d5 3. d4 c6 4. Qc2 Nf6 5. Bg5 h6 6. Bxf6 Qxf6 7. g3 Nd7 8. Bg2
Bb4+ 9. Nc3 dxc4 10. O-O O-O 11. Ne4 Qf5 12. Qxc4 Qxe4 13. Ne1 Nb6 14. Qxb4
Qxe2 15. Nf3 Nd5 16. Qb3 Qa6 17. Rac1 Qb6 18. Qc2 Rd8 19. Rfd1 Bd7 20. Ne5 Be8
21. Nc4 Qc7 22. Qe2 Qe7 23. a3 Nc7 24. Rc2 Nb5 25. Rcd2 Rac8 26. Ne3 Rc7 27. a4
Nd6 28. Qd3 Nc8 29. Qc3 Nb6 30. b3 Nd5 31. Qd3 Qb4 32. Rc1 Nxe3 33. fxe3 Rcd7
34. Rcd1 e5 35. Qc4 Qb6 36. Qc3 exd4 37. Rxd4 a5 38. Be4 Rxd4 39. Rxd4 Rxd4 40.
exd4 Bd7 41. Bc2 Be6 42. h4 Bd5 43. Qe3 Kf8 44. g4 Qd8 45. g5 hxg5 46. hxg5 Qe7
47. Qg3 g6 48. Kf2 c5 49. dxc5 Qxc5+ 50. Ke1 Qd4 51. Bd1 b6 52. Bc2 Kg7 53. Ke2
Be6 54. Ke1 Bg4 55. Kf1 Qa1+ 56. Kg2 Qb2 57. Qxg4 Qxc2+ 58. Kg1 Qxb3 59. Qd4+
Kh7 60. Qf4 Qb1+ 61. Kg2 Qf5 62. Qd2 b5 63. axb5 Qxb5 64. Kg1 a4 65. Qe3 Qb1+
66. Kg2 Qb2+ 67. Kh1 a3 68. Qf2 Kg7 0-1

[Event "BL 0708 Erfurter SK - Godesberger SK"]
[Site "?"]
[Date "2007.10.21"]
[Round "2.4"]
[White "Kuczynski, Robert"]
[Black "Steingrimsson, Hedinn"]
[Result "1/2-1/2"]
[WhiteElo "2490"]
[BlackElo "2470"]
[PlyCount "41"]
[EventDate "2007.??.??"]

1. e4 c5 2. Nf3 d6 3. d4 cxd4 4. Nxd4 Nf6 5. Nc3 a6 6. Be2 e5 7. Nb3 Be7 8. O-O
O-O 9. Be3 Be6 10. Qd2 Nbd7 11. a4 Rc8 12. a5 Qc7 13. Rfd1 Nc5 14. Nxc5 dxc5
15. Qe1 Rfd8 16. Rxd8+ Qxd8 17. Bf3 Qc7 18. h3 c4 19. Bb6 Qc6 20. Qe3 g6 21.
Qg5 1/2-1/2

[Event "BL 0708 Erfurter SK - Godesberger SK"]
[Site "?"]
[Date "2007.10.21"]
[Round "2.5"]
[White "Jenni, Florian"]
[Black "Machelett, Heiko"]
[Result "1-0"]
[WhiteElo "2527"]
[BlackElo "2430"]
[PlyCount "79"]
[EventDate "2007.??.??"]

1. e4 e6 2. d4 d5 3. Nc3 h6 4. Bd3 Nc6 5. Nf3 Nf6 6. e5 Nd7 7. a3 Be7 8. Ne2 a5
9. Nf4 Nb6 10. h4 Na7 11. Rh3 Rg8 12. Rg3 g6 13. b3 a4 14. c4 axb3 15. c5 Nc4
16. Qxb3 b5 17. a4 Nc6 18. Qxb5 Qd7 19. Bxc4 dxc4 20. Qxc4 Ba6 21. Qc3 Rb8 22.
Ba3 Nd8 23. Bc1 Nc6 24. Ba3 Nd8 25. Qc2 Bb7 26. c6 Qxc6 27. Qxc6+ Bxc6 28. Bxe7
Kxe7 29. Nh5 Bxf3 30. Nf6 Rf8 31. Rxf3 c5 32. Rc3 Nb7 33. a5 Rfc8 34. a6 Nd8
35. a7 Ra8 36. d5 Nb7 37. Rb3 Rc7 38. d6+ Nxd6 39. exd6+ Kxd6 40. Ne8+ 1-0

[Event "BL 0708 Erfurter SK - Godesberger SK"]
[Site "?"]
[Date "2007.10.21"]
[Round "2.6"]
[White "Mueller, Matthias"]
[Black "Likavsky, Tomas"]
[Result "1/2-1/2"]
[WhiteElo "2405"]
[BlackElo "2494"]
[PlyCount "81"]
[EventDate "2007.??.??"]

1. e4 c5 2. Nf3 d6 3. d4 cxd4 4. Nxd4 Nf6 5. Nc3 Nc6 6. Bg5 e6 7. Qd2 a6 8.
O-O-O Bd7 9. f4 b5 10. Bxf6 gxf6 11. Kb1 Qb6 12. Nxc6 Bxc6 13. Qe1 Be7 14. Bd3
b4 15. Ne2 a5 16. f5 e5 17. Ng3 a4 18. Bc4 Rc8 19. Qe2 a3 20. b3 Bb7 21. Rhe1
h5 22. Nf1 Bf8 23. Qd3 Ke7 24. Ne3 Bh6 25. Nd5+ Bxd5 26. Qxd5 Rh7 27. Qd3 h4
28. Re2 Bf4 29. g3 hxg3 30. hxg3 Bg5 31. c3 bxc3 32. Qxc3 Rh3 33. Qd3 Qc5 34.
Qd5 Qxd5 35. Rxd5 Rc5 36. Kc2 Rxg3 37. Rd3 Rg1 38. Rd1 Rg4 39. Kc3 Rc7 40. Kb4
Ra7 41. Bd5 1/2-1/2

[Event "BL 0708 Erfurter SK - Godesberger SK"]
[Site "?"]
[Date "2007.10.21"]
[Round "2.7"]
[White "Jackelen, Thomas"]
[Black "Enders, Peter"]
[Result "0-1"]
[WhiteElo "2432"]
[BlackElo "2441"]
[PlyCount "98"]
[EventDate "2007.??.??"]

1. Nf3 Nf6 2. c4 g6 3. Nc3 Bg7 4. e4 d6 5. d4 O-O 6. Be2 e5 7. O-O Nc6 8. Be3
Ng4 9. Bg5 f6 10. Bc1 Nh6 11. dxe5 dxe5 12. Qd5+ Nf7 13. Be3 Bg4 14. Rfd1 Qc8
15. h3 Bxf3 16. Bxf3 Rd8 17. Qb5 Nd4 18. Bxd4 exd4 19. Ne2 d3 20. Nf4 Ne5 21.
Qb3 Bh6 22. c5+ Kh8 23. Qe6 Qxe6 24. Nxe6 Rd7 25. Bg4 Re8 26. c6 bxc6 27. f4
Nxg4 28. Nc5 Ne5 29. Nxd7 Nxd7 30. g3 Nc5 31. Rac1 Nxe4 32. Rxd3 Nxg3 33. Rxc6
Ne2+ 34. Kf1 Nxf4 35. Ra3 Bf8 36. Rxa7 Bd6 37. a4 Nd3 38. a5 f5 39. a6 Nb4 40.
Rc4 Kg7 41. Rb7 Nxa6 42. Rc6 Nc5 43. Rbxc7+ Bxc7 44. Rxc7+ Kh6 45. Rxc5 Rb8 46.
Rc2 Rb3 47. Rh2 Kh5 48. Ke1 Kh4 49. Kd1 Kg3 0-1

[Event "BL 0708 Erfurter SK - Godesberger SK"]
[Site "?"]
[Date "2007.10.21"]
[Round "2.8"]
[White "Casper, Thomas"]
[Black "Dranov, Alexander"]
[Result "1/2-1/2"]
[WhiteElo "2421"]
[BlackElo "2440"]
[PlyCount "27"]
[EventDate "2007.??.??"]

1. e4 d5 2. exd5 Nf6 3. d4 Nxd5 4. Nf3 g6 5. Be2 Bg7 6. O-O O-O 7. Re1 Nc6 8.
c3 Bf5 9. Bf1 Re8 10. Nbd2 e5 11. Nxe5 Nxe5 12. dxe5 Rxe5 13. Rxe5 Bxe5 14. Nc4
1/2-1/2

[Event "BL 0708 TV Tegernsee - Werder Bremen"]
[Site "?"]
[Date "2007.10.21"]
[Round "2.6"]
[White "Teske, Henrik"]
[Black "Babula, Vlastimil"]
[Result "1/2-1/2"]
[WhiteElo "2578"]
[BlackElo "2577"]
[PlyCount "35"]
[EventDate "2007.??.??"]

1. e4 c5 2. Nf3 d6 3. d4 cxd4 4. Nxd4 Nf6 5. f3 e6 6. c4 Be7 7. Nc3 O-O 8. Be3
Nbd7 9. Ndb5 a6 10. Nxd6 Qc7 11. Nxc8 Raxc8 12. Be2 Bc5 13. Bxc5 Qxc5 14. Qd2
Ne5 15. O-O-O Nxc4 16. Bxc4 Qxc4 17. Kb1 Qc7 18. Rc1 1/2-1/2

[Event "BL 0708 SC Eppingen - Hamburger SK"]
[Site "?"]
[Date "2007.10.21"]
[Round "2.2"]
[White "Acs, Peter"]
[Black "Ftacnik, Lubomir Dr"]
[Result "1-0"]
[WhiteElo "2530"]
[BlackElo "2567"]
[PlyCount "79"]
[EventDate "2007.??.??"]

1. d4 Nf6 2. c4 g6 3. f3 d5 4. cxd5 Nxd5 5. e4 Nb6 6. Nc3 Bg7 7. Be3 O-O 8. Qd2
Nc6 9. O-O-O e5 10. d5 Nd4 11. f4 c5 12. fxe5 Bg4 13. Re1 Bxe5 14. h3 Qh4 15.
Kb1 f5 16. Bg5 Qh5 17. Bf4 Nd7 18. Rh2 Qh4 19. g3 Bxf4 20. Qxf4 Qh5 21. e5 g5
22. Qd2 Bf3 23. Bd3 Nb6 24. g4 Qh4 25. gxf5 Bxd5 26. Nxd5 Nxd5 27. Rg2 h6 28.
Re4 Qh5 29. h4 Nb4 30. Bc4+ Kh8 31. a3 b5 32. Be2 Nxe2 33. Qxe2 Qxe2 34. Rgxe2
Nd3 35. f6 Rae8 36. hxg5 hxg5 37. Nf3 Kh7 38. Rg4 Nf4 39. Nxg5+ Kg6 40. Nh3+
1-0